Statistics for Left 4 Dead

Click here to take the quiz!

General Stats

  • This quiz has been taken 118 times
    (102 since last reset)
  • The average score is 24 of 35

Answer Stats

HintAnswer% Correct
Bill
92%
Survivors from Left 4 Dead 2Coach
92%
Boomer
89%
Special Infected Introduced in Left 4 DeadHunter
89%
Tank
89%
Ellis
88%
Jockey
88%
Nick
88%
Smoker
88%
Witch
88%
Special Infected Introduced in Left 4 Dead 2Charger
87%
Survivors from Left 4 DeadLouis
87%
Spitter
87%
Francis
86%
Zoey
86%
Rochelle
84%
What Year was Left 4 Dead 2 Released?2009
77%
What Year was Left 4 Dead Released?2008
72%
Who Developped Left 4 Dead?Valve
72%
First Campaign of Left 4 DeadNo Mercy
71%
Clown
65%
What is Mercy?Hospital
65%
Uncommon Infected in Left 4 Dead 2CEDA Workers
64%
First Campaign of Left 4 Dead 2Dead Centre
64%
Mud Men
63%
When did Development on Left 4 Dead Begin?2004
59%
What is Thrown in Left 4 Dead's Intro Movie?Pipe Bomb
55%
Riot
54%
Worker
46%
Fallen Survivor
45%
What is the DLC Map Used Only for Survival Mode?The Last Stand
35%
Jimmy Gibbs Jr.
33%
What Town is Shown in Death Toll's Finale?Riverside
24%
How Many Kills Do You Need for the Achievement "Zombie Genocide"53,595
18%
What is the Name of the Ship at the End of Death Toll?Saint Lidia II
5%

Score Distribution

Percentile by Number Answered

Percent of People with Each Score

Your Score History

You have not taken this quiz since the last reset